Guess The TV Show By Photo - Statistics

General Stats
  • This quiz has been taken 66 times
  • The average score is 5 of 10
Answer Stats
Picture Answer % Correct
The Simpsons
98%
Avatar
84%
Orange is The New Black
79%
Sesame Street
70%
Arrow
44%
Doctor Who
44%
King Of The Hill
40%
Attack On Titan
35%
Columbo
32%
Patricia Heaton Parties
0%
No matching quizzes found
Score Distribution
Percent of People with Each Score
Percentile by Number Answered
Your Score History
You have not taken this quiz